1495 1584 1941 1879 1624 1612 1165 1567 1873 1341 1640 1917 1387 1655 1755 1622 1861 1243 1661 1055 1648 1508 1267 1139 1692 1478 1971 1658 1076 1394 1386 1082 1220 1048 1447 1166 1772 1909 1749 1178 1529 1771 1051 1856 1742 1960 1265 1376 1367 1368 1529 1910 1208 1340 1866 1397 1175 1894 1597 1354 2000 1468 1356 1752 1268 1538 1654 1099 1265 1820 1959 1525 1385 1360 1168 1321 1028 1433 1634 1108 1303 1700 1094 1820 1239 1489 1855 1331 1432 1221 1406 1768 1332 1820 1386 1868 1575 1647 1368 BCNSPRNW ULIB Ver.6.0+V

เปลี่ยนเป็นภาษาไทย

Change to English
 แสดงรายละเอียดบรรณานุกรม
  กลับหน้าหลัก

Brief Record : Get Marc (ISO 2709) : E-mail record : QR code < ปิดหน้าต่าง
LEADER : 00000nam 2200000uu 4500
001    13399114992
003     ULIB
008    120627s2552||||th 000 0 tha d
020    ^a9786160600519
090    ^aนว.^bม576L 2552
100 0  ^aมิ้นตี้
245 00 ^aLittle Belief ภารกิจลับปลุกชีพจรรัก/^cมิ้นตี้
250    ^aพิมพ์ครั้งที่ 1
260    ^aกรุงเทพฯ :^bแจ่มใส,^c2552
300    ^a209 หน้า
710 1  ^aแจ่มใส
945    ^p159^l0^i16302
995    ^aกัณชพร
999    ^aใช้งานได้ทุกระบบ
รายการนี้ยังไม่มีแท็ก
คุณยังไม่ได้ล็อกอิน คุณสามารถมีกิจกรรมร่วมกับเว็บไซต์ได้ แต่ต้องล็อกอินก่อน ::
  ล็อกอิน

รายการสื่อสารสนเทศ

ลำดับที่ ประเภท เลขเรียก/บาร์โค้ด สถานที่ สถานะ
- ไม่พบข้อมูล -

รายการใกล้เคียง
    ผู้แต่ง [มิ้นตี้]

BibComment


ยังไม่เคยถูกคอมเมนท์

คอมเมนท์ทรัพยากรรายการนี้
  คอมเมนท์: Little Belief ภา..


 Copyright 2026. Bcnsprnw @Library